000 00629nam a2200193 i 4500
001 45482
003 ES-MaACL
005 20231218202340.0
007 t|
008 030326s1965 sp ||||1| spa d
100 1 _aColin, P.
_939594
245 1 0 _aSantidad para todos
_b: conformidad de amor con la voluntad de Dios /
_cP. Colin ; [versión del francés por M. Gómez Molleda].
260 _aMadrid :
_bLuz,
_c1965.
300 _a305 p. ;
_c17 cm.
650 4 _aSantidad.
_9161494
700 1 _aGómez Molleda, María Dolores,
_d1922-2017
_958053
852 _aES-MaACL
_jC-27911
_bR.57341
999 _c45482
_d45482